| 000 | 01009nas a2200313 4500 | ||
|---|---|---|---|
| 001 | BR2014008157 | ||
| 003 | BR-BrBNA | ||
| 005 | 20231205124850.0 | ||
| 007 | ta | ||
| 008 | 230509b bl.|||p| |||| 00| 00por d | ||
| 040 |
_aBR-BrBNA _bpor _cBiblioteca Nacional de Agricultura |
||
| 041 | _a(Pt) | ||
| 072 | _aP34 | ||
| 100 | 1 | _aNunes, J.L. da S. | |
| 100 | 1 | _aSouza, P.V.D. de | |
| 100 | 1 | _aMarodin, G.A.B. | |
| 100 | 1 | _aFachinello, J.C. | |
| 245 | 1 | _aDesenvolvimento de plântulas de pessegueiro 'Okinawa' inoculadas com micorrizas arbusculares isoladas de pomares de pessegueiros e de vinhedos | |
| 650 | _aPÊSSEGO | ||
| 650 | _aVINHO | ||
| 650 | _aVARIEDADE | ||
| 650 | _aPLÂNTULA | ||
| 650 | _aCRESCIMENTO | ||
| 650 | _aMICORRIZA VESICULAR ARBUSCULAR | ||
| 650 | _aPROPAGAÇÃO VEGETATIVA | ||
| 773 | 0 |
_tRevista Brasileira de Fruticultura (Brazil) _xISSN 0100-2945 _g(Sep 2013), v. 35(3) p. 845-852 _wBR2014008157 |
|
| 909 |
_a202311 _bLúcia _c55 _dLúcia Elande |
||
| 942 |
_2AGRIS _n0 _cANA |
||
| 999 |
_c241313 _d241313 |
||